Tribal crafts of Uganda / (Record no. 23449)
[ view plain ]
| 000 -LEADER | |
|---|---|
| fixed length control field | 00864nam a2200265 a 4500 |
| 001 - CONTROL NUMBER | |
| control field | 23449 |
| 003 - CONTROL NUMBER IDENTIFIER | |
| rucl marc code | BD-RjUL |
| 005 - DATE AND TIME OF LATEST TRANSACTION | |
| control field | 20211209000930.0 |
| 008 - FIXED-LENGTH DATA ELEMENTS--GENERAL INFORMATION | |
| fixed length control field | 140310s1953 enka b 1 eng d |
| 035 ## - SYSTEM CONTROL NUMBER | |
| System control number | (BD-RjUL)23514 |
| 040 ## - CATALOGING SOURCE | |
| Original cataloging agency | VLU |
| Language of cataloging | eng |
| Transcribing agency | VLU |
| Modifying agency | BD-RjUL |
| 041 ## - LANGUAGE CODE | |
| Language code of text/sound track or separate title | eng |
| 082 04 - DEWEY DECIMAL CLASSIFICATION NUMBER | |
| Edition number | 18 |
| Classification number | 572.96761 |
| Author mark and year | TRT 1953 |
| 100 1# - MAIN ENTRY--PERSONAL NAME | |
| Personal name | Trowell, Margaret. |
| 9 (RLIN) | 72217 |
| 245 10 - TITLE STATEMENT | |
| Title | Tribal crafts of Uganda / |
| Statement of responsibility, etc. | by Margaret Trowell and K. P. Wachsmann ; With a foreword by H.J. Braunholtz. |
| 260 ## - PUBLICATION, DISTRIBUTION, ETC. (IMPRINT) | |
| Place of publication, distribution, etc. | London : |
| Name of publisher, distributor, etc. | Oxford University Press, |
| Date of publication, distribution, etc. | 1953. |
| 300 ## - PHYSICAL DESCRIPTION | |
| Pagination | xxi, 423 p. : |
| Illustrations | ill. |
| Size | 26 cm. |
| 504 ## - BIBLIOGRAPHY, ETC. NOTE | |
| Bibliography, etc | Bibliography: p.[279]-280. and index. |
| 650 #0 - SUBJECT ADDED ENTRY--TOPICAL TERM | |
| Topical term or geographic name as entry element | Ethnology |
| Geographic subdivision | Uganda. |
| 9 (RLIN) | 72218 |
| Topical term or geographic name as entry element | Handicraft |
| Geographic subdivision | Uganda. |
| 9 (RLIN) | 72219 |
| Topical term or geographic name as entry element | Musical instruments, Primitive. |
| 9 (RLIN) | 72220 |
| 700 1# - ADDED ENTRY--PERSONAL NAME | |
| Personal name | Wachsmann, Klaus P., |
| Dates associated with a name | 1907- |
| 942 ## - ADDED ENTRY ELEMENTS (KOHA) | |
| Source of classification or shelving scheme | Dewey Decimal Classification |
| Koha item type | Books |
| Lost status | Source of classification or shelving scheme | Damaged status | Not for loan | Collection code | Permanent Location | Current Location | Shelving location | Date acquired | Source of acquisition | Total Checkouts | Full call number | Date last seen | Copy number | Koha item type |
|---|---|---|---|---|---|---|---|---|---|---|---|---|---|---|
| Dewey Decimal Classification | Added to bundle | Non-fiction | Central Library, University of Rajshahi | Central Library, University of Rajshahi | Reading Room | 14/01/1961 | Colombo Plan, Gift. | 572.96761 TRT 1953 | 10/03/2014 | C-1 | Books |